Vybrané kapitoly z politológie

Bibliographic Details
Main Authors: Hulan, Bohumír, 1942- (Author), Grejták, Marek, 1974- (Author)
Format: Book
Language:Slovak
PhysicalDescription:243 s. 25 cm
Published: Žilina Žilinská univerzita Edis 2010
ISBN:9788055402772
Edition:1. vyd.
Series:Vysokoškolské učebnice
Subjects:

MARC

LEADER 00000nam a2200000 a 4500
001 vtls010283146
003 SK-MaSNL
005 20260302011759.0
008 240318s2010 xo e n 000 0 slo
015 |a SNBA2016/07 
020 |a 9788055402772  |q (viaz.) 
035 |a 43ABEC3E-1B36-47E6-B600-7891AE85B2FF 
035 |a urn:nbn:sk:snk-amllvk 
035 |a urn:nbn:sk:snk-am00bn4e 
040 |a SNK  |b slo  |c SNK  |e AACR2 
041 0 |a slo 
044 |a xo  |c SK 
072 7 |a 321  |x Politológia  |2 konspekt 
080 |a 321  |2 2011 
080 |a (075.8)  |2 2011 
080 |a 321.01(091)  |2 2011 
100 1 |a Hulan, Bohumír,  |d 1942-  |4 aut  |9 107315 
245 1 0 |a Vybrané kapitoly z politológie  |c Bohumír Hulan, Marek Grejták 
250 |a 1. vyd. 
260 |a Žilina  |b Žilinská univerzita  |b Edis  |c 2010 
300 |a 243 s.  |c 25 cm 
366 |e 200 výt. 
490 1 |a Vysokoškolské učebnice 
504 |a Bibliogr.: s. 241-243 
650 0 7 |a politológia  |2 SNKPH  |9 4684 
650 0 7 |a Political science  |2 SNKPHeng  |9 265833 
650 0 7 |a dejiny politických teórií  |2 SNKPH  |9 240101 
650 0 7 |a History of political theories  |2 SNKPHeng  |9 336607 
655 7 |a učebnice vysokých škôl  |2 SNKPH  |9 70191 
655 7 |a Textbooks (higher)  |2 SNKPHeng  |9 276436 
700 1 |a Grejták, Marek,  |d 1974-  |4 aut  |9 18412 
810 2 |a Žilinská univerzita v Žiline  |t Vysokoškolské učebnice  |9 176451 
852 |a Štátna vedecká knižnica v Banskej Bystrici 
919 |a 978-80-554-0277-2 
958 |a NB 
999 |c 1007389  |d 1009319 
952 |a SNK  |b SNK  |y PREZ  |7 0  |p 17A1198523  |o snkSC 170361  |i snk2016/15765  |8 0  |0 0  |1 0  |4 0  |d 2016-06-16  |f 1  |l 0  |r 2025-09-08 00:00:00  |w 2026-02-24 
952 |a SNK  |b SNK  |y VYP  |7 0  |p 17A1198524  |o snkSC 170361 D1  |i snk2016/15766  |8 0  |0 0  |1 0  |4 0  |d 2016-06-16  |l 0  |r 2026-02-24 12:40:33  |w 2026-02-24